| 000 | 00875cam a2200265 a 4500 | ||
|---|---|---|---|
| 999 |
_c7210 _d7210 |
||
| 003 | OSt | ||
| 005 | 20230705175720.0 | ||
| 008 | 930811s1994 nyua 001 0 eng | ||
| 082 | 0 | 0 |
_a721.028 _220 |
| 100 | 1 |
_aRamsey, Charles George, _d1884-1963. |
|
| 240 | 1 | 0 | _aArchitectural graphic standards. |
| 245 | 1 | 0 | _aArchitectural graphic standards. |
| 250 |
_a9th ed. / _bJohn Ray Hoke, Jr., editor-in-chief. |
||
| 260 |
_aNew York : _bJ. Wiley, _c1994. |
||
| 300 |
_a918 p. : _bill. ; _c30 cm. |
||
| 500 | _a"The American Institute of Architects." | ||
| 500 | _aIncludes index. | ||
| 500 | _aKept up to date by supplement. | ||
| 650 | 0 |
_aBuilding _xDetails _vDrawings. |
|
| 650 | 0 |
_aBuilding _xDetails _xDrawings _xStandards. |
|
| 700 | 1 |
_aSleeper, Harold Reeve, _d1893-1960. |
|
| 700 | 1 |
_aHoke, John Ray, _d1950- |
|
| 710 | 2 | _aAmerican Institute of Architects. | |
| 942 | _2ddc | ||